000 01690nam a22002177a 4500
999 _c60001
_d60001
003 Ge_BSU
005 20230530103049.0
008 230530s1968 ge ||||| |||| 00| 0 geo d
041 _ageo
080 _a94(395.4) ლ-85
100 _aლორთქიფანიძე, ოთარ
_91433
245 _aანტიკური სამყარო და ქართლის სამეფო (იბერია) = Античный мир и древняя Иберия :
_b სავაჭრო-ეკონომიკური და კულტურული ურთიერთობანი. ძვ. წ. III ს. ახ. წ. III-IV სს. ისტორიულ-არქეოლოგიური გამოკვლევა /
_cოთარ ლორთქიფანიძე; ივ. ჯავახიშვილის სახ. ისტორიის, არქეოლოგიისა და ეთნოგრაფიის ინ-ტი.
264 _aთბილისი :
_bმეცნიერება,
_c1968.
300 _a138 გვ. :
_b6 ფ. ილ. ;
_c21 სმ.
504 _aბიბლიოგრაფია შენიშვნებში.
520 _aრეზუმე რუსულ ენაზე.
653 _aიბერიის ისტორია
653 _aიბერიის სავაჭრო-ეკონომიკური ურთიერთობები
710 _a ივ. ჯავახიშვილის სახ. ისტორიის, არქეოლოგიისა და ეთნოგრაფიის ინ-ტი.
_918286
942 _2udc
_cBK